[Event "CB-Emu swiss"]
[Site "?"]
[Date "2017.04.08"]
[Round "2"]
[White "Sensory Chess Challenger 12B, Fidelity"]
[Black "Portorose 32, Mephisto"]
[Result "0-1"]
[WhiteElo "1810"]
[BlackElo "2230"]
[Annotator "Komodo 10.3 32-bit (60s)"]
[PlyCount "156"]
[EventDate "2017.??.??"]

{C10: Französische Verteidigung (Rubinstein-Variante)} 1. e4 e6 2. d4 d5 3. Nc3
dxe4 4. Nxe4 Be7 5. Nf3 {erster berechneter Zug Weiss} Nd7 6. Bd3 Ngf6 7. Nxf6+
Bxf6 8. O-O c5 9. c3 cxd4 10. cxd4 Nb6 (10... O-O 11. Qc2 g6 12. Re1 Nb6 13.
Be4 Nd5 14. Bh6 Bg7 15. Bxg7 Kxg7 16. Rac1 Nf6 17. Qc7 Qxc7 18. Rxc7 Ne8 19.
Rc3 f6 20. g4 g5 21. Bc2 Bd7 22. Bb3 Kf7 23. Nd2 Rd8 24. Ne4 Bc6 25. Nc5 {
Short,N (2702)-Harikrishna,P (2582) Mumbai 2004 1-0 (64)}) 11. Qc2 $146 (11.
Qe2 Bd7 12. Ne5 Bc6 13. Be3 O-O 14. Nxc6 bxc6 15. Rfd1 Qd6 16. Rac1 Rac8 17.
Qc2 g6 18. Ba6 Rc7 19. d5 exd5 20. Bc5 Qd8 21. Bxf8 Qxf8 22. Re1 Kg7 23. Re2 c5
24. b3 c4 25. a4 c3 {Nijboer,F (2260)-Enklaar,B (2395) Amsterdam 1984 0-1 (35)}
) (11. a3 Bd7 12. Be4 Bb5 13. Re1 Nd5 14. Ne5 O-O 15. Qb3 Bc6 16. Qh3 g6 17.
Bh6 Bg7 18. Rad1 Rc8 19. Bb1 Qb6 20. Rd2 Nf6 21. Bg5 Qa5 22. b4 Qd5 23. Ba2 Qd6
24. Qh4 Ne4 25. Be7 Qc7 {Sowray,P (2357)-Eggleston,D (2232) Swansea 2006 1/2-1/
2 (56)}) (11. Bf4 O-O (11... Nd5 12. Bg3 O-O 13. Be4 Qb6 14. Bxd5 exd5 15. Qd2
Bf5 16. Ne5 Rac8 17. Rac1 Be7 18. f3 Bb4 19. Qf4 Be6 20. Nd3 Rfd8 21. Qe3 Qa5
22. Nxb4 Qxb4 23. b3 Re8 24. Rxc8 Rxc8 25. f4 Re8 26. Re1 {Wang,J (1599)
-Fataliyeva,U (1599) Belfort 2005 0-1 (65)}) 12. Qc2 g6 13. Bc7 Qe7 14. Be4 Nd5
15. Bxd5 exd5 16. Be5 Bxe5 17. Nxe5 Be6 18. Qb3 Rac8 19. Rac1 a6 20. h3 Kg7 21.
Rfe1 b5 22. Qe3 Qf6 23. Nd3 Rc4 24. Ne5 Rcc8 25. a3 Rfe8 {Neunhoeffer,H-Berner,
W Mosbach 1980 1/2-1/2 (44)}) 11... g6 $2 {erster berechneter Zug Schwarz} (
11... Bd7 12. Ne5 $11) 12. Bf4 (12. Bh6 Bd7 $16) 12... Nd5 {Nicht von der Hand
zu weisen} (12... O-O 13. Rac1 $11) 13. Bb5+ {Besser war Le5. Der Textzug
verschenkt nur ein Tempo.} (13. Bh6 $5 Bd7 14. Qe2 $16) 13... Bd7 $11 14. Bxd7+
Qxd7 15. Qd2 (15. Bh6 Ne7 $11) 15... Rd8 (15... O-O 16. Rac1 $15) 16. Rac1 (16.
Bh6 Ne7 $11) 16... O-O 17. Bh6 {Le5 ist auch hier besser. Auf h6 bewirkt der
Läufer ohne Unterstützung nur wenig.} Rfe8 18. Ne5 Qd6 19. Ng4 Bh8 {Schwarz
hat hier mindestens Ausgleich. Der Weisse vergeudet seine Zeit mit sinnlosen
Aktionen, während die schwarzen Figuren nahezu optimal plaziert sind.} 20. Bg5
(20. h3 f5 21. Ne5 Bxe5 22. dxe5 Qxe5 $11) 20... Rc8 (20... f6 21. Bh6 $15) 21.
Nh6+ $6 Kf8 22. Qd3 Qb4 {Nachdem Weiss alles getan hat um seine Figuren
ungünstig zu plazieren, kann Schwarz nun angreifen..} 23. Rfd1 (23. a3 Qxd4
24. Qf3 f6 $17) 23... Rxc1 $17 24. Bxc1 Bf6 {Hier wäre Tc8 erforderlich um den
Angriff am Leben zu erhalten.} (24... Rc8 25. g3 $17) 25. a3 Qd6 26. Qb3 (26.
Ng4 Bg7 $15) 26... Re7 (26... Qc7 27. Ng4 Bxd4 28. Qa4 $17) 27. Ng4 $15 Bg7 28.
Bg5 Rc7 29. Ne3 b6 (29... Rd7 30. h4 $15) 30. Qa4 (30. h3 h5 $15) 30... Nf6 {
Mit Dc6 hätte man jetzt Aktionen über die C-Linie einleiten können.} (30... h6
31. Nxd5 Qxd5 32. Bf4 $17) 31. Bh4 {Besser 31. Lxf6 Lxf6 32. d5} (31. Bxf6 Bxf6
32. d5 Rc8 $11) 31... Qd7 (31... Nd5 32. Bg3 Qc6 33. Qb3 $15) 32. Qb4+ $11 {
Nach dem Abbruch des Angriffs am Damenflügel scheint beim Porto irgendwie die
Luft raus zu sein...} Kg8 33. Bg3 Rc8 34. Be5 (34. Qb3 Nd5 $15) 34... Nd5 $15 {
Nun kommt doch wieder Leben in die Bude....} 35. Qb3 (35. Qe1 Nxe3 36. Qxe3
Bxe5 37. Qxe5 Qa4 $15) 35... Bxe5 $17 36. dxe5 Nxe3 37. fxe3 Qc7 38. Rd6 $2 {
Gerade wollte ich schreiben, dass das Endspiel nicht einfach werden wird, da
kommt dieser Fehler. 38. Db5 hätte dem Porto mehr Schwierigkeiten bereitet.
Nun gewinnt Schwarz einen Bauern.} (38. Qb5 $142 $5 $17) 38... Qc5 $19 39. Rd7
a5 $2 {Sofort Dxe5 war deutlich besser. Der a-Bauer hätte wegen Txc1+ mit
baldigem Gewinn nicht genommen werden dürfen.} (39... Qxe5 40. Rd1 $19) 40. Rd1
(40. Rd2 a4 41. Qd3 Qxe5 $17) 40... b5 41. Qd3 Qxe5 42. Qd2 Rc5 43. Qf2 a4 {
übervorsichtig. Stärker erscheint mir De4 um mit dem Turm naach c2 zu kommen}
44. Rd8+ $2 {kostet nur ein Tempo und bringt nichts.} Kg7 45. Rd1 Qe4 {Die 2.
Chance für diesen Zug lässt sich Schwarz nun nicht mehr entgehen.} 46. h3 Rc2
47. Rd2 Rc1+ 48. Kh2 {auch mit dem Mehrbauern bleibt es nach wie vor ein
schwieriges Endspiel.} Qc6 (48... Rc4 49. Qg3 $19) 49. Qf4 $17 Rc4 50. Qe5+ f6
51. Qb8 {Nun kann Schwarz in ein Turmendspiel abwickeln. Nicht dass es dadurch
leichter werden würde...} Qc7+ 52. Qxc7+ Rxc7 53. Kg3 f5 54. Kf3 Kf6 55. Rd4 (
55. g4 Rc4 $19) 55... Rc4 {Ein logischer Zug. Im Bauernendspiel hätte der
Porto bessere Chancen.} 56. Rd2 {...aber darauf lässt sich der EP12 natürlich
nicht ein. Trotz aller vorherigen Ungenauigkeiten. Das Endspiel behandelt der
Fidelity bisher sehr gut.} (56. Rd7 Rc2 57. Rxh7 Rxb2 $19) 56... Ke5 (56... h5
{damit würde Schwarz es sich noch erleichtern} 57. Rd3 Rc2 58. b4 $19) 57. Rd3
b4 58. axb4 Rxb4 59. Rd2 g5 60. Kf2 $6 {Man soll es nicht beschreien... Dem
Schwarzen kampflos das Feld e4 zu geben ist ein schwerer Fehler} (60. Rc2 $19)
60... Ke4 61. g3 (61. Ke2 {ändert den Lauf der Dinge nicht} Rc4 $19) 61... e5
62. Re2 {Weiss hat keine hinreichende Verteidigung mehr} (62. h4 {macht keinen
großen Unterschied} g4 63. h5 Rb3 $19) 62... Kd3 63. Kf1 (63. Ke1 $19 {ist ein
letzter Strohhalm}) 63... e4 $3 {Sehr gut gespielt. Das bringt den Weissen in
Zugzwang} 64. Ke1 Rc4 $4 {Ein Fehler der Weiss noch einmal Luft holen lässt..
f4 hätte sofort gewonnen: 64. ...f4 65. gxf4 gxf4 66. Td2 Kxe3 67. Tc2 f3.
Aber auch so ist Weiss natürlich auf verlorenem Posten.} 65. Rd2+ Kxe3 66. Re2+
Kf3 67. Rf2+ Kxg3 (67... Ke3 $5 {gibt noch größeren Vorteil} 68. Re2+ Kd4 69.
Rd2+ Ke5 70. Rd7 $19) 68. Rxf5 h6 69. Rf6 h5 (69... Rc2 70. Rb6 Kxh3 71. Kd1
$19) 70. Rf5 (70. Rg6 {wäre noch eine kleine Chance} Kf4 71. Rb6 $19) 70... g4
71. hxg4 Kxg4 {Schneller geht es allerdings mit h4, da man hinter dem
gegnerischen Bauern vor Schachgeboten sicher ist..} (71... hxg4 $142 {ist der
schnellste Weg} 72. Rb5 Rc2 73. Kd1 $19) 72. Rf7 {die beiden wollen mich
einfach nicht ins Bett lassen...} Rc2 73. Ra7 (73. Rg7+ Kf4 74. Kf1 Rxb2 75.
Rf7+ Ke3 76. Rc7 $19) 73... Rxb2 74. Rxa4 Kf3 75. Ra7 {na endlich, die
Bewertung des Portorose steigt auf über +6... er sieht also dass jetzt ein
Bauer durchkommt oder der Turm sich opfern muss...} Rb1+ 76. Kd2 e3+ 77. Kc2 e2
78. Rf7+ Kg2 {Der Bauerndurchmarsch mindestens eines Bauern ist nicht mehr
aufzuhalten. Damit gewinnt Schwarz (endlich) die Partie. Und ich geh in die
Heia...} 0-1

[Event "CB-Emu swiss"]
[Site "?"]
[Date "2017.04.09"]
[Round "2"]
[White "Designer 2100, Fidelity"]
[Black "Elite Avantgarde V11, Fidelity"]
[Result "1-0"]
[WhiteElo "1900"]
[BlackElo "2300"]
[Annotator "Komodo 10.3 32-bit (60s)"]
[PlyCount "61"]
[EventDate "2017.??.??"]

{A67: Benoni (Dreibauern-System)} 1. d4 Nf6 2. c4 c5 3. d5 e6 4. Nc3 exd5 5.
cxd5 d6 6. e4 g6 7. f4 Bg7 8. Bb5+ Nfd7 9. Bd3 O-O 10. Nf3 Na6 11. O-O Nc7 12.
a4 a6 {Bis hierher ging bei beiden Kontrathenten die Bibliothek. Ab nun wirds
ernst} 13. Qb3 $146 (13. Qe1 Rb8 (13... Nf6 14. Bd2 Rb8 15. a5 b5 16. axb6 Rxb6
17. Qc1 Rb8 18. Bc4 Bb7 19. Qc2 Nb5 20. Rae1 Ng4 21. h3 Nd4 22. Qd3 Nf6 23. Ne2
Nxe2+ 24. Rxe2 Nh5 25. Kh2 Nf6 26. b3 Bc8 27. Bc3 Nh5 28. Bxg7 {Basin,L (2445)
-Sikora Lerch,J (2375) Trnava 1989 1-0 (42)}) 14. a5 b5 15. axb6 Rxb6 16. e5
Re8 17. e6 fxe6 18. dxe6 Rxe6 19. Qg3 Nf8 20. f5 Re8 21. Bg5 Bf6 22. Ne4 Rxe4
23. Bxe4 d5 24. Bxf6 Rxf6 25. fxg6 Nxg6 26. Bc2 Ne6 27. Rae1 d4 {Belliard
Alonzo,L (2200)-Wittmann,W (2200) Graz 1972 1-0 (32)}) (13. Bd2 Rb8 14. Rb1 (
14. a5 Nf6 (14... b5 15. axb6 Nxb6 16. Ra2 Nb5 17. Kh1 Re8 18. Be1 c4 19. Bc2
Qc7 20. e5 Nd7 21. e6 fxe6 22. dxe6 Nf6 23. Ng5 Bxe6 24. Nxe6 Rxe6 25. f5 gxf5
26. Bxf5 Ree8 27. Rxa6 Kh8 28. Nxb5 Rxb5 29. Bc3 {Ksieski,Z (2345)-Pojedziniec,
W (2275) Lubniewice 1981 1-0}) 15. Re1 b5 16. axb6 Rxb6 17. Ra2 Rb4 18. b3 Bg4
19. Bc4 Nd7 20. h3 Bxf3 21. Qxf3 Re8 22. Kh1 Rb8 23. g4 Nb5 24. Rxa6 Nd4 25.
Qd1 Nb6 26. Bf1 Na8 27. Ra3 Nc7 28. Kg2 Qd7 {Pytel,K (2380)-Kestler,H Skopje
1972 1/2-1/2 (42)}) 14... b5 15. axb5 axb5 16. b4 cxb4 17. Na2 b3 18. Nb4 Bb7
19. Qxb3 Nc5 20. Qc2 Nxd3 21. Qxd3 f5 22. e5 dxe5 23. d6 Nd5 24. fxe5 Nxb4 25.
Rxb4 Kh8 26. Bc3 Be4 27. Qd2 Qd7 {Henrichs,T (2410)-Lemmers,O (2340)
Ruhrgebiet 1997 1-0 (37)}) 13... b6 (13... b5 14. axb5 Rb8 15. b6 Nxb6 16. Qc2
$11) 14. f5 (14. Qc2 Rb8 $11) 14... Bb7 (14... b5 15. axb5 Nxb5 16. fxg6 hxg6
17. Nxb5 $11) 15. fxg6 {Kann man natürlich spielen. Besser ist jedoch 15. Lg5}
(15. Bg5 Bf6 16. Bxf6 Qxf6 $14) 15... fxg6 (15... hxg6 16. Bg5 Bf6 17. Bxf6
Qxf6 18. Rae1 $11) 16. Be3 (16. Bg5 Bf6 17. Bxf6 Rxf6 $16) 16... Qe7 {Die
Stellung scheint völlig ausgeglichen} (16... Rb8 17. Bg5 Qe8 18. Bh4 $14) 17.
Bd2 $6 {Was der Sinn sein soll, den Läufer erst nach e3 zu entwickeln um ihn
dann sofort nach d2 zurückzuziehen erschließt sich mir nicht....} (17. Bg5
Bf6 18. Bxf6 Rxf6 $14) 17... h6 (17... Ne5 $142 18. Nxe5 Bxe5 $11) 18. e5 {
Eine Alternative wäre mit Tae1 die Stellung im Zentrum aufrecht zu erhalten.
Aber Weiss will mehr.... danach wendet sich das Blatt} (18. Be1 c4 19. Qxc4
Rac8 $14) 18... g5 {Zu riskant. Damit wird der schwarze König entblößt. Weiß
hat eine sehr aktive Stellung} (18... Nxe5 $142 19. Be4 Rab8 $17) 19. Rae1 $11
g4 $4 {gibt den Vorteil aus der Hand.} (19... Bxe5 $142 {bringt noch Rettung}
20. Nxe5 Rxf1+ 21. Bxf1 Nxe5 22. Qxb6 Bxd5 $11) 20. exd6 $18 Qxd6 21. Nh4 {
Der Weisse Springer steht zwar am Rand, kann aber leicht aktiviert werden,
während ihre königliche Hoheit, Avantgarde XI. nackt unter der Dusche steht.
Bisher kann Schwarz hier nicht überzeugen.} Bd4+ $2 (21... Rxf1+ 22. Rxf1 c4
23. Bxc4 Qc5+ 24. Kh1 Ne5 $18) 22. Kh1 Bxc3 (22... Ne5 {die letzte Gegenchance}
23. Nf5 Rxf5 24. Bxf5 Rf8 $18) 23. Bxc3 {Ich frage mich ernsthaft wie Schwarz
aus der Nummer wieder herauskommen will...} Rxf1+ 24. Rxf1 Rf8 25. Nf5 $1 Rxf5
26. Rxf5 {und nun steht überraschend der Avantgarde mit einer Quali weniger da.
} Ne8 27. Qd1 Ndf6 28. Qe2 (28. Qf1 $5 {lässt dem Gegner kaum Chancen} Kg7 29.
Re5 Kf7 $18) 28... Bc8 29. Rf1 g3 {es ist kaum zu glauben wie sang- und
klanglos die 68060-Maschine hier gegen den kleinen Designer eingeht. Bewertung
des Avantgarde (-5,96)} 30. Qe3 (30. Bg6 $142 {wäre im Gewinnsinne präziser}
Qxd5 31. Bxf6 Qe6 32. Bh7+ Kf8 33. Be5+ Ke7 $18) 30... gxh2 {auch 30. ...Lb7
rettet nicht. 31. Dxh6 Dxd5 32. Tf3!} 31. Qxh6 {und die Bewertung des
Avantgarde zeigt -9,99. Da kann man wohl aufhören. In der ersten Runde mussten
ja viele Favoriten unerwartet halbe Punkte abgeben. Aber dass der Avantgarde
V11 sich in dieser Form auseinandernehmen lässt hätte wohl keiner erwartet.. .
. . . .} (31. Qxh6 Qg3 32. Bg6 Bh3 33. gxh3 Qd6 34. Bxe8 Qxd5+ 35. Kxh2 Qd6+
36. Kh1 Qd5+ 37. Kg1 Qd3 38. Bxf6 Qh7 39. Qg6+ Qxg6+ 40. Bxg6 Kf8 41. Rd1 c4
42. Rd8#) 1-0

[Event "CB-Emu swiss"]
[Site "?"]
[Date "2017.04.09"]
[Round "2"]
[White "MM IIa, Mephisto"]
[Black "Genius 030 London V5, Mephisto"]
[Result "0-1"]
[WhiteElo "1875"]
[BlackElo "2350"]
[Annotator "Komodo 10.3 32-bit (60s)"]
[PlyCount "42"]
[EventDate "2017.??.??"]

{B11: Caro-Kann (Zweispringer-Variante)} 1. e4 c6 2. Nc3 d5 3. Nf3 Bg4 4. h3
Bxf3 5. Qxf3 Nf6 6. d3 e6 7. e5 {Bekannter sind Dg3 oder die Läuferentwicklung
nach d2 oder g5. Erster berechneter Zug bei beiden.} (7. Qe2 Bb4 8. Bd2 O-O 9.
a3 Ba5 10. g3 c5 11. Bg2 Nc6 12. O-O Nd4 13. Qd1 h6 14. exd5 Nxd5 15. b4 Nxc3
16. Bxc3 cxb4 17. axb4 Bb6 18. Bb2 Nf5 19. Qf3 Qg5 20. Kh1 Rfd8 21. Rad1 Rd7 {
Muhamedzjanov,N (2290)-Guliev,S (2490) Kstovo 1994 1/2-1/2 (40)}) 7... Nfd7 8.
Qg3 Qb6 $146 (8... c5 9. Be2 (9. f4 Nc6 10. Qf2 Be7 11. Be2 Nd4 12. Bd1 Nf5 13.
O-O c4 14. Ne2 h5 15. d4 h4 16. c3 b5 17. Bc2 g6 18. b3 cxb3 19. axb3 Qc7 20.
Bxf5 gxf5 21. Ba3 f6 22. Bxe7 Kxe7 23. Ra6 Kf7 {Klain,P (1955)-Andreev,S (2130)
Sofia 2004 1-0 (36)}) 9... Nc6 10. f4 Nd4 11. O-O g6 12. Bd1 h5 13. Ne2 h4 14.
Qe1 Nf5 15. Nc3 a6 16. Bd2 b5 17. Bf3 Nb6 18. Nd1 c4 {1/2-1/2 (18) Stetina,E 
(2042)-Pupak,T (1968) Slovakia 2012}) (8... d4 9. Ne4 Qa5+ 10. Bd2 Qxe5 11. Bf4
Qa5+ 12. Kd1 e5 13. Bd2 Qb5 14. Kc1 Na6 15. f4 O-O-O 16. Ng5 Qd5 17. Be2 f6 18.
Bf3 Qg8 19. Ne4 f5 20. Nf2 Bd6 21. Re1 Re8 22. Re2 Qf7 23. c3 {Maneva,A-Ilieva,
H (2151) Sunny Beach 2007 0-1 (39)}) (8... c5 9. Bd2 $11) 9. Qg5 $6 {Etwas
fragwürdig was er da will....} (9. f4 Na6 $11) 9... d4 (9... c5 10. Be2 $15)
10. Ne2 (10. Ne4 Qa5+ 11. Bd2 Qxe5 12. Qxe5 Nxe5 $11) 10... c5 11. c3 (11. Ng3
$142 $5 $15 {ist zu überlegen}) 11... Nc6 $17 12. f4 g6 (12... c4 $142 13. Nxd4
Nxd4 14. cxd4 Qxd4 $17) 13. b3 $2 (13. Qh4 Be7 14. Qf2 g5 15. fxg5 Ndxe5 $17)
13... dxc3 (13... c4 {ginge schneller} 14. bxc4 dxc3 15. Nxc3 $19) 14. Nxc3 Nd4
{Das Spiel des MM IIa wirkt völlig unkoordiniert, während der London seine
Stellung gut ausbaut.} (14... c4 $5 {erleichterte Schwarz die Gewinnführung}
15. bxc4 Bb4 16. Bd2 Bxc3 17. Bxc3 Qe3+ 18. Be2 $19) 15. Rb1 Bg7 16. Bb2 (16.
Be2 O-O 17. O-O Qa5 $19) 16... Nc2+ {Das wars dann mit der Rochade} (16... O-O
$5 {damit würde Schwarz es sich noch erleichtern} 17. Be2 f6 18. exf6 Bxf6 19.
Qg4 $19) 17. Kd2 Nd4 18. Be2 Qb4 19. g3 $2 {Verstellt der Dame den Rückzugsweg.
} (19. a3 Qa5 20. b4 cxb4 $19) 19... h5 (19... f6 $142 {gibt noch größeren
Vorteil} 20. exf6 Bxf6 $19) 20. Qh4 $4 {wirft die Partie weg. Mit 20. a3 hätte
sich Weiss vielleicht noch durchmogeln können. Nun aber ist es schnell vorbei..
es war sowieso egal} (20. a3 Qa5 21. b4 cxb4 22. Ne4 $19) 20... Nf5 21. Qg5 (
21. Rhf1 {hilft auch nicht mehr} Nxh4 22. gxh4 Rd8 $19) 21... Bh6 {Schnapp die
Falle ist zu. Die Dame und damit die Partie ist verloren. So stellt man es
sich eigentlich vor, wenn ein haushoher Favorit gegen einen Underdog spielt.
Nicht wie in der letzten Partie.} (21... Bh6 22. Qxf5 gxf5 $19) 0-1

[Event "CB-Emu swiss"]
[Site "?"]
[Date "2017.03.31"]
[Round "2"]
[White "Dallas, Mephisto"]
[Black "Glasgow, Mephisto"]
[Result "1-0"]
[WhiteElo "2120"]
[BlackElo "1920"]
[Annotator "Komodo 10.3 32-bit (60s)"]
[PlyCount "145"]
[EventDate "2017.??.??"]

{D13: Damengambit (Slawische Verteidigung, Abtauschvariante)} 1. c4 c6 2. d4 d5
3. cxd5 cxd5 4. Nc3 Nf6 5. Nf3 Nc6 6. Bf4 e6 7. e3 Bd6 8. Bxd6 Qxd6 9. Be2 O-O
10. O-O Bd7 11. a3 (11. Qb1 Rfc8 12. Rc1 Be8 13. a3 Na5 14. b4 Nc4 15. Bd3 Rc7
16. e4 dxe4 17. Nxe4 Nxe4 18. Bxe4 h6 19. Qb3 Rac8 20. Rc2 Nb6 21. Rc5 Bc6 22.
Bxc6 Rxc6 23. Rac1 Nd7 24. Rxc6 Rxc6 25. Rxc6 Qxc6 {Costigan,R (2375)
-Nickoloff,B (2375) Toronto 1987 1/2-1/2 (46)}) 11... Ng4 $146 (11... Rfc8 12.
Rc1 Ne7 (12... Be8 13. b4 a5 14. b5 Ne7 15. Qb3 Nd7 16. Na4 b6 17. Ne5 Rxc1 18.
Rxc1 Rc8 19. Rxc8 Nxc8 20. Qc3 Ne7 21. f3 Nxe5 22. dxe5 Qb8 23. Kf2 Bd7 24. Bd3
Qd8 25. g3 g6 26. Qd4 Nc8 27. Ke2 {Kraai,J (2545)-Stubenrauch,S (2160) Reno
2006 1-0 (50)}) 13. Ne5 a6 14. Qb3 b5 15. Rc2 Nc6 16. Nxc6 Rxc6 17. Rfc1 Rac8
18. Na2 Ne8 19. Nb4 Rxc2 20. Rxc2 Rxc2 21. Qxc2 a5 22. Nd3 Qc7 23. Qc5 f6 24.
g3 Kf7 25. Kf1 Qb8 26. Qc3 {Letelier Martner,R-Calero,I Havana 1963 1-0 (43)})
(11... Rac8 12. Nb5 (12. Rc1 Rfd8 13. b4 Be8 14. Qb3 Nd7 15. e4 dxe4 16. Nxe4
Qf4 17. Qe3 Qb8 18. Bd3 h6 19. Bb1 Ne7 20. Nc5 Nf8 21. Ne5 b6 22. Nb3 Nd5 23.
Qd2 Ba4 24. Ba2 Nf6 25. Rxc8 Rxc8 26. Rc1 Rc7 {Ghitescu,T-Ungureanu,E
Bucharest 1967 1/2-1/2 (48)}) 12... Qb8 13. Rc1 Ne4 14. Nd2 f5 15. f4 a6 16.
Nxe4 fxe4 17. Nc3 Ne7 18. Bg4 Qd6 19. Qd2 b5 20. Na2 Nc6 21. b4 Rc7 22. Rc5 g6
23. Be2 Rfc8 24. Rfc1 Nd8 25. R1c2 Nb7 26. R5c3 {Blanchard Pasadores,M (1840)
-Chemin,J (2184) Montevideo 2011 1/2-1/2 (64)}) (11... Rac8 12. Rc1 $11) 12.
Qc2 (12. h3 Nf6 $14) 12... f5 13. Rac1 a6 {Sichert b5} (13... Rac8 14. Qb3 $14)
14. Na4 $14 Rac8 (14... Be8 15. Qb3 b5 16. Nc5 $16) 15. Qc5 $16 Qb8 16. Qb6 (
16. h3 Nf6 $16) 16... Qc7 17. Qxc7 Rxc7 18. Nc5 (18. Nb6 Be8 $16) 18... Rfc8
19. Rc3 Nf6 20. Ng5 Nd8 21. Rfc1 h6 22. Nf3 Be8 23. Ne5 {Der Springer steht
aktiv} a5 24. h3 {Verhindert das Eindringen auf g4} (24. f3 b6 25. Na6 Rxc3 26.
Rxc3 Rxc3 27. bxc3 Bc6 $14) 24... b6 25. Ncd3 Rxc3 26. bxc3 Ne4 27. c4 Nf7 28.
cxd5 Rxc1+ 29. Nxc1 Nxe5 30. dxe5 exd5 31. Nb3 Nc3 (31... Kf8 32. h4 $11) 32.
Bd3 (32. Nd4 g5 $11) 32... g6 33. Nd4 Kf7 34. h4 (34. Kf1 Ke7 $11) 34... h5 $11
35. Kh2 Ne4 36. Bxe4 (36. f4 Nf2 37. Be2 Ne4 $11) 36... fxe4 (36... dxe4 37.
Kg1 $11) 37. Kg3 b5 38. Kf4 $2 (38. Nc2 $142 $5 $11 {und Weiß spielt mit})
38... b4 $17 39. axb4 axb4 40. Nb3 Ba4 41. Nc5 Bc2 42. Kg5 Ke7 (42... Bd1 $142
$17) 43. Kxg6 $4 (43. Na6 $142 b3 44. Nc7 $15) 43... d4 $1 $19 44. Kxh5 (44.
exd4 e3+ {Doppelangriff}) 44... b3 (44... d3 $142 {und Schwarz gewinnt} 45.
Nxe4 b3 $19) 45. Nxb3 $11 dxe3 (45... Bxb3 46. exd4 {Freibauer}) 46. fxe3 Bxb3
47. Kg5 Bg8 $4 {ein schwacher Zug, der den Gewinn vergibt} (47... Kf7 48. h5
$11) 48. Kf4 (48. h5 Be6 49. Kg6 $18) 48... Ke6 49. Kxe4 Bh7+ $4 {wild
schwanken die Waagschalen...} (49... Bf7 $142 $11 {hätte die Partie gerettet})
50. Kf4 $18 Bg6 51. g4 Be8 52. h5 Bf7 {Schwarz droht, mit Kg5 kontern} 53. Kg5
Be8 54. h6 Kf7 55. e6+ $1 {schön gesehen} Kg8 (55... Kxe6 56. h7 {
Bauernumwandlung Freibauer}) 56. Kf6 Kh7 57. g5 Bh5 58. Ke7 Bg4 59. Kf7 Bf5 60.
e7 Bg6+ 61. Kf8 Bh5 62. e4 Bg6 63. e5 Bh5 64. e6 Bg6 65. e8=Q Bxe8 66. Kxe8 Kg6
67. e7 Kxg5 (67... Kf5 {nützt auch nichts mehr} 68. Kf7 Ke4 69. e8=Q+ Kd3 70.
h7 Kd2 71. h8=Q Kc2 72. Qe2+ Kb3 73. Qeb2+ Ka4 74. Qa8#) 68. h7 (68. Kf7 Kf4
69. e8=Q Kf3 70. h7 Kf2 71. h8=Q Kf1 72. Qh1+ Kf2 73. Qee1#) 68... Kh4 (68...
Kf4 {ändert den Lauf der Dinge nicht} 69. Kf7 Ke3 70. h8=Q Kd3 71. e8=Q Kc2 72.
Qe4+ Kc1 73. Qe1+ Kc2 74. Qhc3#) 69. h8=Q+ Kg3 (69... Kg4 {wäre gleichermaßen
fruchtlos} 70. Kf7 Kf3 71. e8=Q Kf2 72. Qh2+ Kf1 73. Qee2#) 70. Kd7 Kf3 71.
e8=Q Kf2 72. Qh2+ Kf3 (72... Kf1 {ändert nichts am Ausgang der Partie} 73.
Qee2#) 73. Qee2# 1-0